Emporiton, l'Escola Taller d'Empúries : balanç del primer quadrimestre balanç del primer quadrimestre
Publicado:
Empúries :
INEM : Organisme Autònom Conjunt Monumental Empúries : Ajuntament de l'Escala ,
1994
Descripción Física:
[37] f. : il., gràf., taules ; 30 cm
MARC
| LEADER | 00000nam a2200000Ia 4500 | ||
|---|---|---|---|
| 001 | 15135 | ||
| 003 | BGR | ||
| 005 | 20260324175329.0 | ||
| 008 | 160829s1994 xx 000 0 cat d | ||
| 080 | |a FU-34-25 | ||
| 110 | 2 | |a Emporiton. Escola Taller d'Empúries |9 70746 | |
| 245 | |a Emporiton, l'Escola Taller d'Empúries : |b balanç del primer quadrimestre | ||
| 260 | |a Empúries : |b INEM : |b Organisme Autònom Conjunt Monumental Empúries : |b Ajuntament de l'Escala, |c 1994 | ||
| 300 | |a [37] f. : |b il., gràf., taules ; |c 30 cm | ||
| 650 | |a Emporiton. Escola Taller d'Empúries |x Memòries |9 28954 | ||
| 650 | |a Formació professional |9 38621 | ||
| 710 | 1 | |a Escala (Catalunya). |b Ajuntament |9 53533 | |
| 710 | |a Instituto Nacional de Empleo (Espanya) |9 66185 | ||
| 710 | 2 | |a Conjunt Monumental d'Empúries |9 54669 | |
| 901 | |a Arxiu | ||
| 942 | |n 1 |2 udc |c MON | ||
| 952 | |0 0 |1 0 |4 0 |6 FU3425 |7 1 |9 44383 |a Arxiu |b Arxiu |d 2016-12-01 |l 0 |o FU-34-25 |p 15135 |r 2016-12-01 00:00:00 |w 2016-12-01 |y ARXIU | ||
| 999 | |c 46964 |d 46964 | ||